00413nam a22001457a 4500003000400000008004100004020001800045082001500063100003100078245007100109250001400180260005000194300001100244650001200255OSt240329b |||||||| |||| 00| 0 eng d a9789355016836 a954.03 GRM aGROVER, B.L. & MEHTA, Alka aA New Look at Modern Indian History: From 1707 to The Modern Times a33rd. ed. aNew DelhibS Chand and Comopany limitedc2024 a582 p. aEnglish